header

Sharing knowledge across the Mediterranean area (Record no. 95527)

MARC details
000 -LEADER
fixed length control field 02297nam a2200445Ia 4500
082 04 - DEWEY DECIMAL CLASSIFICATION NUMBER
Classification number 338.9/27091822
245 10 - TITLE STATEMENT
Title Sharing knowledge across the Mediterranean area
260 ## - PUBLICATION, DISTRIBUTION, ETC. (IMPRINT)
Place of publication Amsterdam ;
-- Washington, DC :
Name of publisher IOS Press,
Year of publication 2006.
300 ## - PHYSICAL DESCRIPTION
Number of Pages xi, 279 p. :
Other physical details ill.
490 0# - SERIES STATEMENT
Series statement NATO security through science series. E, Human and societal dynamics,
500 ## - GENERAL NOTE
General note "Published in cooperation with NATO Public Diplomacy Division."
650 #0 - SUBJECT ADDED ENTRY--TOPICAL TERM
Topical Term Research
Topical Term Research
Topical Term Energy development
Topical Term Water resources development
Topical Term Hazard mitigation
700 1# - ADDED ENTRY--PERSONAL NAME
Personal name Faugeras, Paul.
Personal name Hoummada, Abdeslam.
Personal name Klapisch, Robert.
856 40 - ELECTRONIC LOCATION AND ACCESS
Uniform Resource Identifier http://site.ebrary.com/lib/rucke/Doc?id=10152500

No items available.

© 2026 Rongo University
Contact us: librarian | system librarian | Rongo university